MDQL
is popping MORE tags! Check the
thread
!
Quizzes
Events
Quiz Creation
Community
Videos
Private Events
Remove Ads
Sign In
Join for FREE
Feedback
Dark Mode
Quiz Categories
Sports
Geography
Music
Movies
Television
Just For Fun
Miscellaneous
History
Literature
Language
Science
Gaming
Entertainment
Religion
Holiday
For Kids
Quiz Lab
Recent
Popular Today
Quiz Kudos Today
Editor Picks
Curator Picks
Quizzes by...
Day
Popularity
Type
Ratings
Length
Year
Community
Subscriptions
Recent Discussions
Orange Saloon
Badges
Playlists
Quests
Create
Leaderboards
Showdown
Live 5
Trivia Bingo
Activity
Puzzle Library
Sporcle Events
Private Events
Virtual Trivia
Globe League
Become a Host
Pub Owners
SporcleCon
Opinionation
Our Games
Videos
Blog
Mobile Apps
Partnerships
Remove Ads and Go Orange
Feedback
Music
Pop Music
The Beatles
Song
Album
Lyrics
Bands
Singers
Artist
Clip
Rock
Rap
Classical
Billboard
Country Music
Kpop
Taylor Swift
Music
Pop Music
The Beatles
Song
Album
Lyrics
Bands
Singers
Artist
Clip
Rock
Rap
Classical
Billboard
Country Music
Kpop
Taylor Swift
Random Quiz
Search Sporcle
×
Quiz Lab
Quiz Lab
Music
club
Type in answers that appear in a list
Type in answers that appear in a list
Classic
Best Score? Go Orange.
S Club 7 lyrics 1 Stats
Can you name the S club 7 lyrics without any hints?
By
pinklimejelly
12m
110 Questions
1,293 Plays
1,293 Plays
1,293 Plays
Comments
Comments
Give Quiz Kudos
Give Quiz Kudos
-
- Ratings
hide this ad
Replay
Link that replays current quiz
Next Quiz
Link to next quiz in quiz playlist
You Got
0%
They Got
Avg Score
71%
Avg Friend Score
Upgrade to see
Score Distribution
Jump to the score distribution portion of the page
Score
0/110
Timer
12:00
0
Plays Today
% Correct
a
96.6%
the
96.6%
the
96.6%
the
96.6%
And
96.6%
A
96.6%
I
96%
I
96%
I
96%
I
96%
I
96%
I
96%
I
96%
I
96%
I
96%
you
93.6%
you
93.6%
you.
93.6%
to
82.1%
to
82.1%
to
82.1%
to
82.1%
to
82.1%
be
81.7%
be
81.7%
be
81.7%
me
81.3%
me
81.3%
on
79.2%
that
77.9%
never
77.9%
that
77.9%
that
77.9%
never
77.9%
had
77.3%
had
77.3%
come
76.9%
% Correct
dream
76%
true.
75.9%
day
75.1%
day
75.1%
no
74.2%
no
74.2%
my
74.2%
always
73.5%
always
73.5%
found
73.4%
found
73.4%
one
73.3%
one
73.3%
with
72.2%
with
72.2%
of
71.8%
say
71.7%
go.
71.2%
it
71.2%
you're
70.5%
will
70.2%
know
70%
know
70%
baby.
69.8%
part
69.1%
Till
69%
words
68.5%
think
68.1%
have
67.5%
about
67%
each
66.4%
you'll
65.6%
though
65.5%
where
65%
even
65%
matter
62.6%
moved
62.2%
% Correct
they
61.3%
pretend
60.6%
takes
60.2%
let
59.6%
life
59.4%
back
58.7%
can't
58.4%
got
58.3%
could
57.9%
time.
57.8%
how
57.5%
or
57%
or
57%
leave
56.8%
now
56.8%
looking
56.5%
There's
56.1%
use
56.1%
behind
55.8%
wondering,
55.5%
just
55.4%
from
55.2%
something
55.1%
been.
55%
this
54.5%
but
54.1%
Everybody's
53.4%
might
53.3%
All
53.1%
yesterday
52.7%
find
52%
still
50.5%
seems
50.3%
ways
50.3%
grow
49.5%
regret
46.2%
Quiz Playlist
Details
Report
Send in Message
Add To Playlist
Classic:
Type in answers that appear in a list
Quiz Source
Last Updated: Feb 16, 2017
Quiz Scoreboard
CHALLENGE
Sign Up to Join the Scoreboard
Show All
Scores
Hide
Comments
May contain spoilers
Recently Published
Image Sorting: Flags VI
by Barbecue
Geography
2m
Find the 'City' Movie
by crazypaving
Movies
60s
Colored Red Africa Blitz
by spor1
Geography
45s
More to Explore
Quiz From the Vault
Featured Blog Post
14 Easter Pick-up Lines to Find Eggs With
hide this ad
You Might Also Like...
Tags
club
Today's Top Quizzes in Music
Browse Music
hide this ad
Today's Top Quizzes in club
Browse club
Top Contributed Quizzes in Music
1
5X2 Blitz: Bands II
2
5X2 Blitz: The Beatles
3
Taylor Swift All Songs (2024)
4
5X2 Blitz: Billboard
5
5X2 Blitz: Billboard II
6
5X2 Blitz: Album
7
Taylor Swift Logic Puzzle II
8
5X2 Blitz: Singers
9
5X2 Blitz: Rock
10
5X2 Blitz: Lyrics
Explore More
Trending Topics
Harry Potter
Crossword
Marvel
Kpop
Disney
Anime
NBA
Song
Pokémon
WWE
Country
NFL
The Office
Soccer
Puzzle
hide this ad
More By:
pinklimejelly
Quiz
Plays
Rating
Category
Featured
Created
S Club 7 lyrics 1
1,293
4.00
Music
Jan 17, 2011
Go to Creator's Profile
Score Distribution
Quiz Creator Spotlight
pinklimejelly
Follow
Send a Message
Quizzes Created
-
Created Quiz Play Count
-
More By This Creator
Popular Quizzes Today
1
Colored Red Africa Blitz
2
Find the US States - No Outlines Minefield
3
Find the 'City' Movie
4
5x2 Blitz: Bands
5
The Countries of the World
6
Find the US States
7
Find the Countries of Europe - No Outlines Minefield
8
US States
More Music Quizzes
Complete the Band Name... With a Picture
Published
Trending Quizzes
Colored Red Europe Blitz I
Colored Red Europe Blitz II
Colored Red Africa Blitz II
Colored Red Europe Blitz III
Colored Red Africa Blitz III
Recently Updated
How Do You Spell That?
pecheneg
Godzilla Movies
pecheneg
Grab Bag: 4-10 Letters
pecheneg
2024 March Madness Bracket
pecheneg
Famous TV Couples
Peacemaker
Champions League XIs: Real Madrid
pecheneg
Largest US Cities 1790-2010
pecheneg
Rides in Walt Disney World
pecheneg
Most Oscar Losses (Acting)
pecheneg
Beyoncé Albums
pecheneg
Trending Topics
Disney
Anime
Marvel
Kpop
Harry Potter
Crossword
NBA
Soccer
NFL
Puzzle
WWE
The Office
Country
Pokémon
Song
Your Account Isn't Verified!
In order to create a playlist on Sporcle, you need to verify the email address you used during registration. Go to your
Sporcle Settings
to finish the process.
Report this User
Report this user for behavior that violates our
Community Guidelines
.
Details:
Send Report
Go to the Sporcle.com Mobile Site →
Comments